[Event "Mistrzostwa Polski Seniorow w Szachach na 2024 rok"]
[Site "Szklarska Poreba"]
[Date "1899-12-30"]
[Round "3.4"]
[White "Kot, Jerzy"]
[Black "Fraczek, Dariusz"]
[Result "0-1"]
[WhiteTitle "FM"]
[BlackTitle "k"]
[WhiteElo "1955"]
[BlackElo "2011"]

1. g3 c5 2. Bg2 Nc6 3. Nf3 g6 4. d4 cxd4 5. Nxd4 Bg7 6. Nxc6 bxc6 7. O-O Rb8 8.
Nd2 Qc7 9. c3 d6 10. Re1 Nf6 11. h3 O-O 12. e4 Nd7 13. Qc2 Ba6 14. Nf1 Ne5 15.
Rd1 c5 16. f4 Nc6 17. Be3 Rfc8 18. Rd2 Qa5 19. Bf2 Rxb2 20. Qxb2 Bxc3 21. Qc1
Bxf1 22. Bxf1 Bxd2 23. Qc4 Rb8 24. Qd5 Bc3 25. Rc1 Bd4 26. Bc4 Bxf2+ 27. Kxf2
e6 28. Qxc6 Qd2+ 29. Be2 Qxc1 30. Qxd6 Rf8 31. Qa6 Rb8 32. f5 gxf5 33. exf5 Qb1
34. Bd3 Rb2+ 35. Kf3 Qd1+ 36. Kf4 Qd2+ 37. Ke5 Qe3+ 38. Kf6 Qd4+ 39. Ke7 Rb8 40.
fxe6 Qd8# 0-1

[Event "Mistrzostwa Polski Seniorow w Szachach na 2024 rok"]
[Site "Szklarska Poreba"]
[Date "1899-12-30"]
[Round "3.5"]
[White "Czaja, Roman"]
[Black "Leszner, Liliana"]
[Result "1-0"]
[WhiteTitle "I+"]
[BlackTitle "WIM"]
[WhiteElo "2010"]
[BlackElo "1944"]

1. d4 d5 2. c4 e5 3. dxe5 d4 4. Nf3 Nc6 5. g3 Nge7 6. Bg2 Ng6 7. O-O Bc5 8. Bg5
Qd7 9. Nbd2 h6 10. Nb3 hxg5 11. Nxc5 Qg4 12. e6 Qh5 13. Re1 g4 14. Nxd4 Qxc5 15.
Nxc6 bxc6 16. b4 Qh5 17. Bxc6+ Ke7 18. Bxa8 Qxh2+ 19. Kf1 Bxe6 20. Bg2 Rd8 21.
Qc1 f6 22. Qe3 Kf7 23. Red1 Re8 24. Qxa7 Re7 25. Qc5 Ne5 26. Rd4 Nf3 27. exf3
gxf3 28. Qxe7+ Kxe7 29. Bxf3 Qh3+ 30. Bg2 Qf5 31. Re1 Kf7 32. Kg1 Qc2 33. Rde4
Bf5 34. Re7+ Kg6 35. Be4 Qxc4 36. Bxf5+ Kxf5 37. R1e4 Qxa2 38. Rf4+ Kg6 39. Rxc7
Qb1+ 40. Kg2 Qd1 41. Rc5 Qd7 42. b5 Qb7+ 43. Kg1 Qa7 44. Rg4+ Kh6 45. Rd5 Qa1+
46. Kg2 Qb1 47. Rd7 Qxb5 48. Rdxg7 Qd5+ 49. Kh2 f5 50. R4g6+ Kh5 51. Rg5+ Kh6
52. R7g6+ Kh7 53. Rf6 Qd2 54. Rgxf5 Kg7 55. Rf4 Qc2 56. g4 Qh7+ 57. Kg3 Qd3+ 58.
Rf3 Qe4 59. Rf7+ Kg8 60. R7f5 Kg7 61. Re3 Qb4 62. Rfe5 Qb1 63. Re7+ Kf8 64. f4
Qg1+ 65. Kh4 Qa1 66. Kg5 Qa5+ 67. f5 Qd8 68. Kg6 Qb6+ 69. R3e6 1-0

[Event "Mistrzostwa Polski Seniorow w Szachach na 2024 rok"]
[Site "Szklarska Poreba"]
[Date "1899-12-30"]
[Round "3.6"]
[White "Stempin, Pawel"]
[Black "Siewert, Roman"]
[Result "1/2-1/2"]
[WhiteTitle "IM"]
[BlackTitle "I++"]
[WhiteElo "2315"]
[BlackElo "1911"]

1. c4 Nf6 2. Nf3 g6 3. g3 Bg7 4. Bg2 O-O 5. d4 d6 6. O-O Nbd7 7. Nc3 e5 8. e4 exd4
9. Nxd4 Ne5 10. b3 Bd7 11. h3 Qc8 12. Kh2 Nc6 13. Be3 h5 14. Qd2 Kh7 15. Nf3 Rh8
16. Rac1 Ne7 17. Nh4 Rd8 18. f4 Be6 19. Nf3 c6 20. Rf2 Qd7 21. Rd1 Qe8 22. Qc2
d5 23. Ng5+ Kg8 24. Nxe6 fxe6 25. Re2 dxc4 26. Rxd8 Rxd8 27. bxc4 b6 28. c5 b5
29. Nd1 Kf7 30. Nf2 Qd7 31. Bf3 Qc7 32. Kg2 Nd7 33. e5 Nf5 34. Ne4 Nf8 35. Nd6+
Kg8 36. Bf2 Ne7 37. Qb3 Nd5 38. Be4 1/2-1/2

[Event "Mistrzostwa Polski Seniorow w Szachach na 2024 rok"]
[Site "Szklarska Poreba"]
[Date "1899-12-30"]
[Round "3.7"]
[White "Stempin, Andrzej"]
[Black "Bugajski, Robert"]
[Result "1-0"]
[WhiteTitle "k"]
[BlackTitle "FM"]
[WhiteElo "2182"]
[BlackElo "1975"]

1. d4 Nf6 2. c4 g6 3. f3 d5 4. cxd5 Nxd5 5. e4 Nb6 6. Be3 Bg7 7. Nc3 O-O 8. Qd2
Nc6 9. O-O-O e5 10. d5 Nd4 11. f4 Bg4 12. Re1 c5 13. fxe5 Bxe5 14. h3 Qh4 15.
Bg5 Qh5 16. Bf4 Rfe8 17. Bxe5 Rxe5 18. Qf4 Bd7 19. Nf3 Nxf3 20. gxf3 Rae8 21.
Be2 Qg5 22. Qd2 Qxd2+ 23. Kxd2 g5 24. Reg1 Kh8 25. h4 f6 26. Rh2 a6 27. Rgh1 R8e7
28. hxg5 fxg5 29. Rh6 Nc8 30. a4 Rg7 31. Bc4 Be8 32. Rf6 Rg6 33. Rxg6 Bxg6 34.
Ke3 Nd6 35. Bd3 Kg7 36. f4 gxf4+ 37. Kxf4 Kf6 38. a5 c4 39. Bc2 Re7 40. Rh2 Re5
41. Rf2 Re7 42. Re2 Re5 43. Re1 Bf7 44. Rf1 Re7 45. Na4 Bg6 46. Nc5 Nf7 47. Ne6
Rd7 48. Ba4 b5 49. axb6 Rb7 50. Nc5 Re7 1-0

[Event "Mistrzostwa Polski Seniorow w Szachach na 2024 rok"]
[Site "Szklarska Poreba"]
[Date "1899-12-30"]
[Round "3.8"]
[White "Osiecki, Stanislaw"]
[Black "Szopka, Dariusz"]
[Result "0-1"]
[WhiteTitle "FM"]
[BlackTitle "k++"]
[WhiteElo "1959"]
[BlackElo "2073"]

1. e4 d6 2. d4 g6 3. Bc4 Bg7 4. Nf3 c6 5. Nc3 Nf6 6. e5 dxe5 7. Nxe5 O-O 8. O-O
Nd5 9. Ne4 Nd7 10. Nxd7 Bxd7 11. c3 Bf5 12. Ng3 Be6 13. Qe2 Qc8 14. h4 f5 15.
Re1 Bf7 16. Bd2 Re8 17. Bxd5 Bxd5 18. Bf4 Bf6 19. Bg5 Bxg5 20. hxg5 f4 21. Ne4
Qf5 22. c4 Bxe4 23. Qxe4 Qxg5 24. Qe6+ Kg7 25. Re5 Qf6 26. Qd7 Rad8 27. Qxb7 Rxd4
28. Rae1 Rd1 29. Qxa7 Qxe5 30. Rxd1 Qxb2 31. Qd7 Qe2 32. Rf1 Rf8 33. Qxc6 f3 34.
g3 h5 35. Qc5 Rd8 36. Qe3 Rd3 37. Qc1 Rd2 38. c5 Rxa2 39. Qc3+ Kh7 40. Qd4 Rd2
41. Qa4 Rc2 42. Qf4 Kg7 43. Qd4+ e5 44. Qa1 Kh6 45. Qa3 h4 46. gxh4 Qe4 47. Qe3+
Qxe3 48. fxe3 e4 49. Ra1 Kh5 50. Ra6 Rxc5 51. Kf2 Kxh4 52. Rxg6 Rc2+ 53. Kf1 Re2
54. Rg8 Rxe3 55. Kf2 Re2+ 56. Kf1 Rb2 57. Re8 Kg3 58. Rg8+ Kf4 59. Kg1 Ke3 60.
Ra8 Rb1+ 61. Kh2 f2 62. Ra3+ Kf4 63. Kg2 f1=Q+ 0-1

[Event "Mistrzostwa Polski Seniorow w Szachach na 2024 rok"]
[Site "Szklarska Poreba"]
[Date "1899-12-30"]
[Round "3.10"]
[White "Czaplinski, Piotr"]
[Black "Szczesniak, Konrad"]
[Result "0-1"]
[WhiteTitle "I"]
[BlackTitle "k"]
[WhiteElo "1712"]
[BlackElo "2007"]

1. d4 d5 2. Nf3 Nf6 3. c4 c6 4. Nc3 dxc4 5. a4 Bf5 6. e3 e6 7. Bxc4 a5 8. O-O Na6
9. Re1 Bb4 10. Bd2 O-O 11. e4 Bxc3 12. exf5 Bxd2 13. Qxd2 exf5 14. Re5 Nb4 15.
Rxf5 Ne4 16. Qc1 Nd6 17. Rf4 b5 18. Bf1 Rc8 19. b3 Nd5 20. Rh4 Nf5 21. Rh3 Qf6
22. Bd3 h6 23. Qd2 b4 24. g4 Nfe7 25. g5 Qe6 26. Rh5 Qg4+ 0-1

[Event "Mistrzostwa Polski Seniorow w Szachach na 2024 rok"]
[Site "Szklarska Poreba"]
[Date "1899-12-30"]
[Round "3.11"]
[White "Hilarecki, Grzegorz"]
[Black "Sielicki, Tomasz"]
[Result "1/2-1/2"]
[WhiteTitle "k"]
[BlackTitle "I++"]
[WhiteElo "1896"]
[BlackElo "1992"]

1. d4 d5 2. Nf3 c5 3. c3 Nf6 4. Bf4 e6 5. e3 Bd6 6. Ne5 O-O 7. Bd3 Qc7 8. Nd2 Nbd7
9. Ndf3 b6 10. h4 Ne4 11. Ng5 Nxe5 12. dxe5 Bxe5 13. Nxh7 Bxf4 14. Nxf8 Bh6 15.
Nh7 Kxh7 16. g4 g6 17. g5 Bg7 18. Qf3 Kg8 19. O-O-O Qe5 20. Bxe4 Qxe4 21. Qxe4
dxe4 22. Rd8+ Bf8 23. Rhd1 Bb7 24. c4 Kg7 25. Rxa8 Bxa8 26. Rd8 Bc6 1/2-1/2

[Event "Mistrzostwa Polski Seniorow w Szachach na 2024 rok"]
[Site "Szklarska Poreba"]
[Date "1899-12-30"]
[Round "4.1"]
[White "Czaja, Roman"]
[Black "Betkowski, Andrzej"]
[Result "0-1"]
[WhiteTitle "I+"]
[BlackTitle "k"]
[WhiteElo "2010"]
[BlackElo "2011"]

1. d4 g6 2. c4 Bg7 3. Nc3 c5 4. d5 d6 5. e4 e6 6. Be2 Ne7 7. Be3 exd5 8. cxd5 a6
9. Qd2 f5 10. f3 Nd7 11. Nh3 O-O 12. Ng5 Nf6 13. Rd1 fxe4 14. fxe4 Ng4 15. Bg1
Be5 16. g3 b5 17. Nf3 Qe8 18. Kf1 b4 19. Nb1 Nf6 20. Kg2 Qd7 21. h3 Bxg3 22. Qe3
Nh5 23. Bd3 Bf4 24. Qe1 Ng3 25. Rh2 Nxe4 26. Bxe4 Bxh2 27. Nxh2 Qxh3+ 28. Kh1
Nf5 29. Bf2 Bd7 30. Rd3 Qh6 31. Nd2 Rae8 32. Qg1 Bb5 33. Rf3 Kh8 34. Bxf5 gxf5
35. Ndf1 f4 36. Qg2 Rg8 37. Qh3 Qxh3 38. Rxh3 Bc4 39. Nd2 Bxd5+ 40. Nhf3 Re2 41.
Bh4 Rgg2 42. Be1 Rxd2 43. Nxd2 Rxd2+ 44. Kg1 Rg2+ 45. Kf1 Rxb2 46. Rh6 Bxa2 47.
Rxd6 Kg7 48. Rc6 c4 49. Rxa6 c3 50. Rc6 Rc2 51. Bf2 Bd5 52. Rc5 Be4 53. Ke1 Kg6
54. Bd4 f3 55. Rb5 Re2+ 56. Kf1 Rb2 57. Rc5 Rd2 58. Be3 Ra2 59. Bd4 Bd3+ 60. Kg1
c2 0-1

[Event "Mistrzostwa Polski Seniorow w Szachach na 2024 rok"]
[Site "Szklarska Poreba"]
[Date "1899-12-30"]
[Round "4.2"]
[White "Fraczek, Dariusz"]
[Black "Kowalczuk, Wojciech"]
[Result "1-0"]
[WhiteTitle "k"]
[BlackTitle "k"]
[WhiteElo "2011"]
[BlackElo "1990"]

1. e4 c5 2. Nf3 a6 3. c4 d6 4. d4 cxd4 5. Nxd4 Nf6 6. Nc3 e6 7. Be2 Bd7 8. O-O
Nc6 9. Nc2 Rc8 10. Ne3 Qb6 11. Nc2 Qc7 12. f3 Ne5 13. Ne3 Bc6 14. Bd2 Ng6 15.
Re1 Be7 16. Rc1 b6 17. Ncd5 Bxd5 18. cxd5 Qb7 19. Rxc8+ Qxc8 20. Qb3 exd5 21.
Qxb6 O-O 22. exd5 Qa8 23. Qxa6 Qb8 24. Bc3 Nd7 25. Nf5 Bf6 26. Bb5 Bxc3 27. bxc3
Nc5 28. Qc6 Qa7 29. Kh1 Qxa2 30. Qxd6 Qd2 31. Ne7+ Nxe7 32. Qxe7 Ne6 33. Qh4 Nf4
34. Rg1 Nxd5 35. Qd4 Qxd4 36. cxd4 Rd8 37. Re1 g6 38. Re8+ Rxe8 39. Bxe8 Kf8 40.
Bb5 Ke7 41. Bc4 Kd6 42. Kg1 f6 43. Kf2 Ne7 44. Ke3 Nc6 45. Bd3 Ne7 46. Bc4 Nf5+
47. Ke4 Ne7 48. Bf7 Kc6 49. Kd3 Kd6 50. g3 Kc6 51. f4 Kd6 52. Be8 Ke6 53. Ba4
Kd6 54. Bb3 Kc6 55. Ke4 Kd6 56. g4 h6 57. Bf7 f5+ 58. gxf5 gxf5+ 59. Kd3 Kc6 60.
Kc4 Kd6 61. d5 Nc8 62. Kd4 Ne7 63. h4 Nc8 64. Be6 Ne7 65. h5 Ng8 1-0

[Event "Mistrzostwa Polski Seniorow w Szachach na 2024 rok"]
[Site "Szklarska Poreba"]
[Date "1899-12-30"]
[Round "4.3"]
[White "Siewert, Roman"]
[Black "Stempin, Andrzej"]
[Result "1/2-1/2"]
[WhiteTitle "I++"]
[BlackTitle "k"]
[WhiteElo "1911"]
[BlackElo "2182"]

1. e4 e5 2. Nf3 Nf6 3. Nxe5 d6 4. Nf3 Nxe4 5. d3 Nf6 6. Be2 d5 7. O-O Bd6 8. Re1
O-O 9. Bg5 Re8 10. Nc3 h6 11. Bxf6 Qxf6 12. Bf1 Be6 13. Nb5 Bf4 14. g3 c6 15.
Nbd4 Bc7 16. Nxe6 fxe6 17. d4 Nd7 18. Bg2 Rf8 19. Re2 Rae8 20. Qd2 e5 21. dxe5
Nxe5 22. Nxe5 Rxe5 23. c3 Bb6 24. Rf1 Rxe2 25. Qxe2 Qf5 26. c4 Kh8 27. cxd5 cxd5
28. g4 Qg5 29. Qe6 Qh4 30. Bxd5 Bc7 31. f4 g5 32. Qe7 Qxg4+ 33. Kh1 Rf6 1/2-1/2

[Event "Mistrzostwa Polski Seniorow w Szachach na 2024 rok"]
[Site "Szklarska Poreba"]
[Date "1899-12-30"]
[Round "4.4"]
[White "Szopka, Dariusz"]
[Black "Sokolowski, Ryszard"]
[Result "0-1"]
[WhiteTitle "k++"]
[BlackTitle "k"]
[WhiteElo "2073"]
[BlackElo "1965"]

1. e4 c5 2. c3 d5 3. exd5 Qxd5 4. d4 Nf6 5. Nf3 e6 6. Bd3 Be7 7. O-O O-O 8. Re1
Nc6 9. Bf4 cxd4 10. cxd4 Nb4 11. Nc3 Qd8 12. Bb1 b6 13. Be5 Bb7 14. Ng5 h6 15.
Nh3 Nc6 16. f4 Qd7 17. Qd3 g6 18. Qg3 Nxe5 19. dxe5 Nh5 20. Qg4 Qd2 21. Be4 Bxe4
22. Nxe4 Qxb2 23. Rad1 Rfd8 24. Nd6 Qb4 25. Qf3 Bxd6 26. exd6 Rac8 27. Qb7 Qc5+
28. Kh1 Qc6 29. Qa6 b5 30. Qa3 Qc5 31. Qd3 Rc6 32. d7 Nf6 33. Re5 Rxd7 34. Qxd7
Nxd7 35. Rxc5 Nxc5 36. Rc1 Rc7 37. Nf2 Na6 38. Rb1 Rc2 39. Ne4 Rxa2 40. g4 Nc7
41. g5 hxg5 42. fxg5 Rc2 43. Nf6+ Kf8 44. Rd1 Nd5 45. Nd7+ Ke7 46. Ne5 b4 47.
Rf1 b3 48. Rxf7+ Kd6 49. Nd3 Rd2 50. Rf3 a5 51. h4 e5 52. Nxe5 Kxe5 53. Rxb3 Rd4
54. Rh3 Nf4 55. Ra3 a4 56. Kh2 Kf5 57. Ra1 Kg4 58. Kg1 Kxh4 59. Kf2 Kxg5 60. Ke3
Rb4 61. Rc1 a3 62. Ra1 Rb3+ 63. Ke4 Ne2 64. Kd5 a2 65. Kc4 Rb2 66. Kd3 Kg4 67.
Ke3 Kg3 68. Ke4 Rb1 0-1

[Event "Mistrzostwa Polski Seniorow w Szachach na 2024 rok"]
[Site "Szklarska Poreba"]
[Date "1899-12-30"]
[Round "4.5"]
[White "Palosz, Andrzej"]
[Black "Brylowski, Stefan"]
[Result "1-0"]
[WhiteTitle "k"]
[BlackTitle "I++"]
[WhiteElo "2019"]
[BlackElo "1978"]

1. e4 e5 2. Nf3 Nc6 3. Bb5 a6 4. Ba4 Nf6 5. O-O b5 6. Bb3 Bb7 7. d3 Bc5 8. Nc3
d6 9. Bg5 Na5 10. Nd5 Nxb3 11. Bxf6 gxf6 12. axb3 f5 13. d4 exd4 14. Nxd4 fxe4
15. Nf5 c6 16. Nde3 Qf6 17. Qg4 d5 18. Ng7+ Kf8 19. Nh5 Qg6 20. Qd7 Rb8 21. Ng3
Bc8 22. Qc7 Qd6 23. Qxd6+ Bxd6 24. Ngf5 Bc5 25. Rfd1 Rg8 26. c3 Rg6 27. b4 Bb6
28. Kf1 h5 29. h3 Rf6 30. Nd4 Bc7 31. Ke2 Be5 32. Nb3 Ke7 33. Nc5 Ra8 34. Ra2
Bd6 35. Rxd5 Rxf2+ 36. Kxf2 cxd5 37. Nxd5+ Kf8 38. Nb6 Bxc5+ 39. bxc5 Rb8 40.
b4 Be6 41. Rxa6 Kg7 42. Ra8 Rxa8 43. Nxa8 Kf6 44. Ke3 Ke5 45. h4 f5 46. g3 Kf6
47. Nc7 Bd7 48. Nd5+ Ke5 49. Nf4 Be8 50. Ne2 Kd5 51. Kd2 Kc4 52. Nd4 e3+ 53. Kxe3
Kxc3 54. Nxf5 Kxb4 55. Kd4 Ka3 56. Ne7 1-0

[Event "Mistrzostwa Polski Seniorow w Szachach na 2024 rok"]
[Site "Szklarska Poreba"]
[Date "1899-12-30"]
[Round "4.6"]
[White "Szczesniak, Konrad"]
[Black "Czerwonski, Aleksander"]
[Result "0-1"]
[WhiteTitle "k"]
[BlackTitle "IM"]
[WhiteElo "2007"]
[BlackElo "2299"]

1. d4 Nf6 2. Bf4 d5 3. Nc3 Bg4 4. f3 Bh5 5. g4 Bg6 6. h4 h6 7. e3 e6 8. Bd3 Bxd3
9. Qxd3 Qd7 10. Nge2 Na6 11. O-O-O Be7 12. Be5 c5 13. e4 dxe4 14. Nxe4 Nb4 15.
Qa3 Nxe4 16. dxc5 Qb5 17. fxe4 Qxc5 18. Bc3 Qe3+ 19. Kb1 Qxe4 20. Qa4+ Kf8 21.
Rhe1 Qc6 22. Qb3 Nd5 23. h5 Bf6 24. Bb4+ Kg8 25. Nd4 Qb6 26. c3 Nxb4 27. Qxb4
Qxb4 28. cxb4 Kh7 29. Nb5 Rhd8 30. Kc2 a6 31. Nc3 g6 32. Ne4 Be7 33. Kb3 Rac8
34. a4 Kg7 35. hxg6 Kxg6 36. Rxd8 Rxd8 37. Kc4 Rc8+ 38. Kb3 Rd8 39. Kc4 e5 40.
Nc5 Rd4+ 41. Kc3 f6 42. Rg1 a5 43. Nxb7 Bxb4+ 44. Kb3 Rd7 0-1

[Event "Mistrzostwa Polski Seniorow w Szachach na 2024 rok"]
[Site "Szklarska Poreba"]
[Date "1899-12-30"]
[Round "4.7"]
[White "Suchocki, Tomasz"]
[Black "Stempin, Pawel"]
[Result "1/2-1/2"]
[WhiteTitle "I+"]
[BlackTitle "IM"]
[WhiteElo "1948"]
[BlackElo "2315"]

1. c4 e6 2. Nc3 d5 3. e3 c6 4. Nf3 Nf6 5. b3 Nbd7 6. Qc2 a6 7. d4 Bd6 8. Bd3 O-O
9. O-O e5 10. cxd5 cxd5 11. e4 exd4 12. Nxd5 Nxd5 13. exd5 h6 14. Bb2 Nf6 15.
Nxd4 Nxd5 16. Nf5 Bxf5 17. Bxf5 1/2-1/2

[Event "Mistrzostwa Polski Seniorow w Szachach na 2024 rok"]
[Site "Szklarska Poreba"]
[Date "1899-12-30"]
[Round "4.8"]
[White "Shilov, Sergej"]
[Black "Barwinski, Dionizy"]
[Result "1/2-1/2"]
[WhiteTitle "FM"]
[BlackTitle "FM"]
[WhiteElo "2144"]
[BlackElo "1938"]

1. e4 c6 2. c4 d5 3. exd5 cxd5 4. cxd5 Nf6 5. Qa4+ Nbd7 6. Nc3 g6 7. Nf3 Bg7 8.
d6 exd6 9. Qh4 O-O 10. d4 Re8+ 11. Be2 Nf8 12. O-O a6 13. Bg5 Ne6 14. Be3 Qa5
15. a3 Qf5 16. h3 b5 17. Rac1 Nf8 18. Bg5 Bb7 19. Rfd1 Ne4 20. Bd3 d5 21. Ne2
f6 22. Bh6 Bxh6 23. Qxh6 Ne6 24. Ng3 Qf4 25. Qxf4 Nxf4 26. Rc7 Rab8 27. Bf1 Ne6
28. Rc2 Nxg3 29. fxg3 Rbc8 30. Rdc1 Rxc2 31. Rxc2 Rc8 32. Rxc8+ Bxc8 33. Kf2 Kf7
34. Ke3 Ke7 35. g4 g5 36. g3 Nd8 37. Nd2 Nb7 38. a4 Bd7 39. Bg2 Kd6 40. axb5 axb5
41. b4 Nd8 42. Kd3 Kc6 43. Nf1 Nf7 44. Ne3 Be6 45. Bf3 1/2-1/2

[Event "Mistrzostwa Polski Seniorow w Szachach na 2024 rok"]
[Site "Szklarska Poreba"]
[Date "1899-12-30"]
[Round "4.9"]
[White "Leszner, Liliana"]
[Black "Kujawski, Adam"]
[Result "1-0"]
[WhiteTitle "WIM"]
[BlackTitle "FM"]
[WhiteElo "1944"]
[BlackElo "2111"]

1. b3 e5 2. Bb2 Nc6 3. e3 d5 4. Bb5 Bd6 5. Nf3 f6 6. d4 e4 7. Nfd2 a6 8. Bxc6+
bxc6 9. c4 f5 10. Ba3 Bxa3 11. Nxa3 Ne7 12. cxd5 cxd5 13. Rc1 O-O 14. O-O Qd6
15. Nc2 f4 16. f3 Bb7 17. fxe4 dxe4 18. Nc4 Qh6 19. Rxf4 Rxf4 20. exf4 Qxf4 21.
N2e3 Rd8 22. Qh5 g6 23. Qc5 Nd5 24. Rf1 Qg5 25. h3 h6 26. Ng4 Nf4 27. Qxc7 Ne2+
28. Kh2 Rf8 29. Rxf8+ Kxf8 30. Qb8+ Kg8 1-0

[Event "Mistrzostwa Polski Seniorow w Szachach na 2024 rok"]
[Site "Szklarska Poreba"]
[Date "1899-12-30"]
[Round "4.10"]
[White "Rak, Tomasz"]
[Black "Czajkowski, Ryszard"]
[Result "0-1"]
[WhiteTitle "k"]
[BlackTitle "k"]
[WhiteElo "1908"]
[BlackElo "2031"]

1. Nf3 Nf6 2. d4 g6 3. c4 Bg7 4. Nc3 d5 5. Bg5 Ne4 6. cxd5 Nxg5 7. Nxg5 e6 8. Qd2
h6 9. Nh3 exd5 10. Qe3+ Kf8 11. O-O-O c5 12. dxc5 d4 13. Na4 b5 14. Qf3 Bxh3 15.
Qxa8 Bd7 16. e3 bxa4 17. exd4 Kg8 18. Bc4 a3 19. bxa3 Kh7 20. Rhe1 Qa5 21. Qf3
Bg4 22. Qxg4 Qc3+ 23. Kb1 Qxc4 24. Qe2 Qa4 25. Qc2 Qa5 26. Re7 Nc6 27. Rb7 Nxd4
28. Qc4 Ne6 29. c6 Rd8 30. Rxd8 Qxd8 31. Kc1 Qg5+ 32. f4 Nxf4 33. Rxf7 Nd5+ 34.
Kb1 Qe5 35. Qb3 Nc3+ 36. Kc2 Qe2+ 37. Kc1 Qe1+ 38. Kc2 Qd1+ 0-1

[Event "Mistrzostwa Polski Seniorow w Szachach na 2024 rok"]
[Site "Szklarska Poreba"]
[Date "1899-12-30"]
[Round "4.11"]
[White "Sielicki, Tomasz"]
[Black "Czyz, Andrzej"]
[Result "1-0"]
[WhiteTitle "I++"]
[BlackTitle "I++"]
[WhiteElo "1992"]
[BlackElo "1894"]

1. d4 g6 2. e4 Bg7 3. Nc3 d6 4. f4 Nf6 5. Nf3 O-O 6. Bd3 c5 7. dxc5 dxc5 8. Be3
Ng4 9. Bg1 h5 10. h3 Nh6 11. Bxc5 Qc7 12. Be3 Bxc3+ 13. bxc3 Qxc3+ 14. Kf2 Nc6
15. Rb1 f5 16. Rb3 Qf6 17. e5 Qg7 18. Ng5 e6 19. Bc4 Re8 20. Qd2 Qe7 21. Rd1 Nf7
22. Nxf7 Kxf7 23. Bb5 Rd8 24. Rd3 Rxd3 25. Qxd3 Nb4 26. Qd6 Nd5 27. c4 Qxd6 28.
exd6 Nc3 29. Rd3 Nxb5 30. d7 Bxd7 31. Rxd7+ Ke8 32. Rh7 Rc8 33. Rh8+ Kd7 34. Rxc8
Kxc8 35. cxb5 a6 36. bxa6 bxa6 37. Kg3 1-0

[Event "Mistrzostwa Polski Seniorow w Szachach na 2024 rok"]
[Site "Szklarska Poreba"]
[Date "1899-12-30"]
[Round "5.1"]
[White "Betkowski, Andrzej"]
[Black "Fraczek, Dariusz"]
[Result "1-0"]
[WhiteTitle "k"]
[BlackTitle "k"]
[WhiteElo "2011"]
[BlackElo "2011"]

1. d4 d5 2. Nc3 Nf6 3. Bf4 c5 4. e3 cxd4 5. exd4 a6 6. Nf3 Nc6 7. Ne5 Qb6 8. Na4
Qa5+ 9. c3 Nxe5 10. dxe5 Bd7 11. exf6 Bxa4 12. fxg7 Bxg7 13. Qf3 Rc8 14. Bd2 O-O
15. Bd3 e5 16. Bf5 Rc6 17. O-O Qd8 18. Qg4 Rc4 19. Qg3 Rc6 20. Rfe1 Qf6 21. Qh3
h6 22. b3 1-0

[Event "Mistrzostwa Polski Seniorow w Szachach na 2024 rok"]
[Site "Szklarska Poreba"]
[Date "1899-12-30"]
[Round "5.2"]
[White "Stempin, Andrzej"]
[Black "Palosz, Andrzej"]
[Result "1/2-1/2"]
[WhiteTitle "k"]
[BlackTitle "k"]
[WhiteElo "2182"]
[BlackElo "2019"]

1. d4 Nf6 2. c4 g6 3. f3 d5 4. cxd5 Nxd5 5. e4 Nb6 6. Be3 Bg7 7. Nc3 Nc6 8. d5
Na5 9. Bd4 e5 10. Bc5 Bf8 11. Bxf8 Kxf8 12. f4 Qe7 13. fxe5 Nac4 14. e6 Qf6 15.
Bxc4 Nxc4 16. Qe2 Ne5 17. O-O-O Kg7 18. Rf1 Qg5+ 19. Kb1 fxe6 20. h4 Qe7 21. h5
Rf8 22. Rxf8 Qxf8 23. hxg6 Nxg6 24. Nf3 Qf4 25. Qc4 Bd7 26. dxe6 Bc6 27. Qd4+
Kg8 28. Nd5 Bxd5 29. Qxd5 Re8 30. Ng5 c6 31. Qd7 Re7 32. Qd8+ Qf8 33. Qd4 Qg7
34. Qd8+ Qf8 35. Qd4 Qg7 36. Qxa7 Nf8 37. Nf3 Rxe6 38. e5 Rg6 39. a3 Rxg2 40.
Qe3 Ne6 1/2-1/2

[Event "Mistrzostwa Polski Seniorow w Szachach na 2024 rok"]
[Site "Szklarska Poreba"]
[Date "1899-12-30"]
[Round "5.3"]
[White "Sokolowski, Ryszard"]
[Black "Czaja, Roman"]
[Result "1-0"]
[WhiteTitle "k"]
[BlackTitle "I+"]
[WhiteElo "1965"]
[BlackElo "2010"]

1. d4 d5 2. c4 e6 3. Nc3 Nf6 4. cxd5 exd5 5. Bg5 Be7 6. e3 Nbd7 7. Bd3 Nf8 8. h3
Ne6 9. Bh4 O-O 10. Nf3 g6 11. O-O Ng7 12. b4 Bf5 13. Bxf5 Nxf5 14. Bxf6 Bxf6 15.
Qb3 c6 16. a4 Qe7 17. Ra2 Rab8 18. b5 a5 19. Rb1 Qd6 20. Rab2 Rbe8 21. bxc6 bxc6
22. Ne2 g5 23. Qc2 Ng7 24. Rb6 Re6 25. Ng3 Bd8 26. Ra6 f5 27. Rc1 f4 28. exf4
gxf4 29. Nf1 Qe7 30. Rxc6 Re2 31. Qc5 Qe4 32. N1d2 Qd3 33. Qxd5+ Kh8 34. R6c3
Qg6 35. Ne5 Qe8 36. Ndf3 1-0

[Event "Mistrzostwa Polski Seniorow w Szachach na 2024 rok"]
[Site "Szklarska Poreba"]
[Date "1899-12-30"]
[Round "5.4"]
[White "Czerwonski, Aleksander"]
[Black "Gasik, Piotr"]
[Result "1-0"]
[WhiteTitle "IM"]
[BlackTitle "k"]
[WhiteElo "2299"]
[BlackElo "1952"]

1. d4 f5 2. Nf3 Nf6 3. g3 d6 4. Bg2 g6 5. c4 Bg7 6. O-O O-O 7. Nc3 c6 8. Qc2 a5
9. e4 fxe4 10. Nxe4 Bf5 11. Nxf6+ exf6 12. Qb3 Qc8 13. Re1 Rf7 14. Bf4 Bf8 15.
Re2 g5 16. Bd2 Kg7 17. Rae1 Qc7 18. h4 h6 19. Nh2 Re7 20. Rxe7+ Bxe7 21. Qf3 Bg6
22. Ng4 Qd7 23. Bh3 f5 24. Nxh6 g4 25. Nxg4 fxg4 26. Bxg4 Qd8 27. Qe3 1-0

[Event "Mistrzostwa Polski Seniorow w Szachach na 2024 rok"]
[Site "Szklarska Poreba"]
[Date "1899-12-30"]
[Round "5.5"]
[White "Czajkowski, Ryszard"]
[Black "Leszner, Liliana"]
[Result "0-1"]
[WhiteTitle "k"]
[BlackTitle "WIM"]
[WhiteElo "2031"]
[BlackElo "1944"]

1. d4 Nf6 2. c4 d6 3. Nf3 c6 4. Nc3 Nbd7 5. e4 e5 6. Be2 Be7 7. O-O O-O 8. Re1
Re8 9. h3 Bf8 10. Qc2 g6 11. Bg5 Qa5 12. d5 h6 13. Be3 Nh5 14. a3 c5 15. b4 Qd8
16. Qd2 Kh7 17. Nh2 Bg7 18. Bxh5 gxh5 19. Qe2 Qh4 20. Nf3 Qf6 21. bxc5 Nxc5 22.
Bxc5 dxc5 23. Rad1 Qg6 24. Kh1 Rg8 25. Rg1 Bd7 26. Rd3 Qa6 27. Nd2 h4 28. Qh5
Raf8 29. a4 Bf6 30. Qf3 Bg5 31. Nb5 Qxa4 32. Nd6 Rg7 33. Nf5 Rg6 34. d6 Rf6 35.
Rc1 Qc6 36. Rd1 Qa4 37. Ra3 Qc2 38. Rc3 Qa4 39. Ra3 Qc6 40. Rxa7 Bxf5 41. exf5
Rxd6 42. Qe2 Rfd8 43. Ra2 Qd7 44. Qxe5 Bxd2 45. f6 Qe6 46. Qxc5 Bb4 47. Rxd6 Qe1+
0-1

[Event "Mistrzostwa Polski Seniorow w Szachach na 2024 rok"]
[Site "Szklarska Poreba"]
[Date "1899-12-30"]
[Round "5.6"]
[White "Kowalczuk, Wojciech"]
[Black "Siewert, Roman"]
[Result "1-0"]
[WhiteTitle "k"]
[BlackTitle "I++"]
[WhiteElo "1990"]
[BlackElo "1911"]

1. e4 c5 2. Nf3 e6 3. d4 cxd4 4. Nxd4 a6 5. c4 Nf6 6. Nc3 Bb4 7. Bd3 Nc6 8. Nc2
Qc7 9. Nxb4 Nxb4 10. Be2 h6 11. O-O b6 12. Be3 Bb7 13. Qb3 Nc6 14. Bxb6 Qd6 15.
Rad1 Qb8 16. Bc5 Bc8 17. Qa3 Qc7 18. Nb5 1-0

[Event "Mistrzostwa Polski Seniorow w Szachach na 2024 rok"]
[Site "Szklarska Poreba"]
[Date "1899-12-30"]
[Round "5.7"]
[White "Flis, Pawel"]
[Black "Plesiuk, Andrzej"]
[Result "1/2-1/2"]
[WhiteTitle "CM"]
[BlackTitle "k"]
[WhiteElo "1956"]
[BlackElo "1978"]

1. e4 c5 2. Nf3 g6 3. d4 cxd4 4. Nxd4 Bg7 5. c4 Nc6 6. Be3 d6 7. Nc3 Nf6 8. Be2
O-O 9. O-O Bd7 10. Qd2 Ng4 11. Bxg4 Bxg4 12. h3 Bd7 13. Rac1 Qa5 14. Rfd1 1/2-1/2

[Event "Mistrzostwa Polski Seniorow w Szachach na 2024 rok"]
[Site "Szklarska Poreba"]
[Date "1899-12-30"]
[Round "5.8"]
[White "Stempin, Pawel"]
[Black "Czarnik, Jozef"]
[Result "1-0"]
[WhiteTitle "IM"]
[BlackTitle "II+"]
[WhiteElo "2315"]
[BlackElo "1903"]

1. Nf3 Nf6 2. c4 e6 3. Nc3 d5 4. d4 c6 5. e3 Be7 6. Bd3 O-O 7. O-O dxc4 8. Bxc4
b5 9. Bd3 Bb7 10. e4 a6 11. Qe2 h6 12. e5 Nd5 13. Qe4 g6 14. Bxh6 Nxc3 15. bxc3
Re8 16. Qg4 Kh7 17. Ng5+ Kxh6 18. Qh4+ Kg7 19. Qh7+ 1-0